[Event "45th Olympiad 2024"]
[Site "Budapest HUN"]
[Date "2024.09.18"]
[Round "7.51"]
[Board "2"]
[White "Sapalo, Gabriel"]
[Black "Seder, Mohammed"]
[Result "1/2-1/2"]
[WhiteElo "2058"]
[BlackElo "2116"]
[PlyCount "172"]
[EventDate "2024.09.11"]
[WhiteTeam "Angola"]
[BlackTeam "Palestine"]
[WhiteTeamCountry "ANG"]
[BlackTeamCountry "PLE"]

1. d4 Nf6 2. Nf3 d5 3. c4 e6 4. Nc3 Bb4 5. Qb3 a5 6. a3 Be7 7. Bg5 c6 8. e3 O-O 9. Bd3 $146 ({RR} 9. Be2 b6 10. O-O Ba6 11. Rac1 dxc4 12. Bxc4 a4 13. Qa2 Bxc4 14. Qxc4 b5 15. Qd3 Nbd7 16. Bxf6 Bxf6 17. Ne4 Rc8 18. Rc2 Be7 19. Rfc1 Qb6 20. Neg5 g6 21. Qe4 Nf6 22. Qh4 Kg7 23. Ne5 h6 {1-0 Swayams,M (2438)-Ashwath,R (2253) Hyderabad op 1st 2017 (5)}) 9... dxc4 10. Bxc4 b5 11. Bd3 Nbd7 12. O-O Ba6 13. Rfd1 Qb6 14. Ne5 Qc7 15. Qc2 Nxe5 16. dxe5 Qxe5 17. Bxh7+ Kh8 18. Bf4 Qc5 19. Bd3 Nd5 20. Nxd5 Qxc2 21. Bxc2 cxd5 22. Bd3 Bf6 23. Rd2 Rfc8 24. f3 Rc5 25. g4 g5 26. Bg3 Rac8 27. Kg2 Bb7 28. h4 gxh4 29. Bxh4 Kg7 30. Rh1 b4 31. axb4 axb4 32. Bg3 b3 33. g5 Bxg5 34. Be5+ f6 35. Rh7+ Kg8 36. Rxb7 Rc2 37. Re2 Rxe2+ 38. Bxe2 Rc2 39. Kf1 Rc1+ 40. Kf2 fxe5 41. Rxb3 Rh1 42. Bf1 Kg7 43. Kg2 Rh4 44. Bb5 Kf6 45. Bd7 Ke7 46. Bb5 Kf6 47. Bd7 Rh7 48. Be8 Re7 49. Bh5 Ra7 50. Bg4 Ra6 51. Kg3 Bh6 52. Kf2 Rc6 53. Ke2 Bg5 54. Rb8 Rc2+ 55. Kd3 Rg2 56. Rb6 e4+ 57. Kc3 Bxe3 58. Rxe6+ Kf7 59. Re5 Bh6 60. Bh5+ Kf8 61. Re8+ Kg7 62. fxe4 d4+ 63. Kxd4 Rxb2 64. e5 Bg5 65. Kd5 Rh2 66. Bg4 Kf7 67. Ra8 Rd2+ 68. Ke4 Be7 69. Ra7 Rf2 70. Bh5+ Kf8 71. Kd5 Rf5 72. Bg4 Rg5 73. Be6 Rg6 74. Ra8+ Kg7 75. Rg8+ Kh6 76. Re8 Rg7 77. Bf5 Kg5 78. Bd7 Bb4 79. Be6 Be7 80. Bg8 Bb4 81. e6 Rc7 82. Bf7 Rc5+ 83. Kd4 Rc7 84. Rb8 Be7 85. Be8 Kf6 86. Bd7 Rc1 1/2-1/2

[Event "45th Olympiad 2024"]
[Site "Budapest HUN"]
[Date "2024.09.18"]
[Round "7.51"]
[Board "3"]
[White "Michel Yunis, Christian D."]
[Black "Silva, David"]
[Result "0-1"]
[WhiteElo "2220"]
[BlackElo "2363"]
[PlyCount "122"]
[EventDate "2024.09.11"]
[WhiteTeam "Palestine"]
[BlackTeam "Angola"]
[WhiteTeamCountry "PLE"]
[BlackTeamCountry "ANG"]

1. d4 {ChessBase II} Nf6 2. Nf3 g6 3. c4 Bg7 4. Nc3 O-O 5. g3 d6 6. Bg2 c6 7. O-O Qa5 8. e4 e5 9. Re1 Bg4 10. Be3 Nbd7 11. h3 exd4 12. Bxd4 Be6 13. Bf1 Ne5 $146 ({RR} 13... Rfe8 14. Be3 Nb6 15. Nd2 Rad8 16. Rb1 Bc8 17. e5 Nfd7 18. c5 dxc5 19. Nb3 Qb4 20. a3 Nxe5 21. axb4 Rxd1 22. Rexd1 cxb4 23. Ne4 Be6 24. Nbc5 Bd5 25. Bg2 Nbc4 26. Nxb7 Rb8 27. Nec5 a5 28. Bxd5 {1-0 Kempinski,R (2290)-Vokac,M (2395) Ceske Budejovice op 1992 (9)}) 14. Nxe5 dxe5 15. Be3 Rfe8 16. a3 Qc7 17. Qa4 h5 18. f3 Nh7 19. Rac1 Qe7 20. Bg2 h4 21. g4 Ng5 22. Kh1 Red8 23. Rcd1 Rd7 24. Bf2 Nh7 25. Rxd7 Bxd7 26. Qb4 Qxb4 27. axb4 Bf8 28. b5 Be6 29. Bf1 Ng5 30. Kg2 Be7 31. Ra1 Rd8 32. bxc6 bxc6 33. Rxa7 Bf6 34. Be3 Rb8 35. Nd1 Bc8 36. b4 Ne6 37. b5 Nd4 38. Nc3 Be6 39. Kf2 Bd8 40. Bxd4 exd4 41. Na4 cxb5 42. cxb5 Bb3 43. Bd3 Kg7 44. f4 Rc8 45. Ke2 Rc1 46. b6 Rc6 47. b7 Bc7 48. Bb5 Rc1 49. e5 Rb1 50. Bc6 g5 51. fxg5 Bxe5 52. Ra8 Bc4+ 53. Kd2 d3 54. Rd8 Ba6 55. Nc5 Bf4+ 56. Kc3 Rc1+ 57. Kb4 Rc4+ 58. Ka5 Rxc5+ 59. Kxa6 Rxc6+ 60. Kb5 Rc3 61. Kb4 Rc1 0-1

[Event "45th Olympiad 2024"]
[Site "Budapest HUN"]
[Date "2024.09.18"]
[Round "7.51"]
[Board "4"]
[White "Domingos, Catarino"]
[Black "Abdel Wahab, Ahmad"]
[Result "0-1"]
[WhiteElo "2229"]
[BlackElo "1995"]
[PlyCount "96"]
[EventDate "2024.09.11"]
[WhiteTeam "Angola"]
[BlackTeam "Palestine"]
[WhiteTeamCountry "ANG"]
[BlackTeamCountry "PLE"]

1. Nf3 d5 2. g3 Nf6 3. Bg2 c5 4. O-O h6 5. c4 d4 6. b4 cxb4 7. a3 b3 8. Qxb3 Nc6 9. d3 e5 10. Nbd2 Bd6 11. Qc2 $146 ({RR} 11. a4 O-O 12. Ba3 Re8 13. Bxd6 Qxd6 14. a5 Rb8 15. Rfb1 Bf5 16. Nh4 Bh7 17. a6 b6 18. Qb5 e4 19. f4 exf3 20. Bxf3 Ne5 21. Rb2 Rbc8 22. Rf1 Rc5 23. Qb3 Nxf3+ 24. Ndxf3 Ng4 25. Ng2 Ne5 {½-½ Bosboom,M (2390)-Johansson,L (2321) EU-Cup 29th Rhodes 2013 (7.3)}) 11... O-O 12. Rb1 Qe7 13. a4 Nb4 14. Qb3 a5 15. Ba3 Bc5 16. Ra1 Bd7 17. Ne1 Bc6 18. Bb2 e4 19. dxe4 Nxe4 20. Ndf3 Rad8 21. Nd3 Rfe8 22. Rfd1 Nc3 23. Bxc3 dxc3 24. Qxc3 Bxf3 25. Nxc5 Rxd1+ 26. Rxd1 Bxg2 27. Kxg2 Qxc5 28. e3 Qc6+ 29. Kg1 Qxa4 30. Ra1 Qc6 31. Rxa5 Rd8 32. Ra1 Na6 33. Qa5 Rd7 34. Qf5 Rd6 35. Qe5 Rd2 36. Qf4 Rc2 37. Rd1 Rxc4 38. Rd8+ Kh7 39. Qf5+ Qg6 40. Qf3 Qb1+ 41. Kg2 Qe4 42. Rd7 Qxf3+ 43. Kxf3 Rc7 44. Rd6 Nc5 45. h4 b5 46. Rd4 Rb7 47. Rb4 Na6 48. Rb2 b4 0-1

[Event "45th Olympiad 2024"]
[Site "Budapest HUN"]
[Date "2024.09.18"]
[Round "7.52"]
[Board "1"]
[White "KIGIGHA, Bomo Lovet"]
[Black "Mwali, Chitumbo"]
[Result "1/2-1/2"]
[WhiteElo "2217"]
[BlackElo "2312"]
[PlyCount "233"]
[EventDate "2024.09.11"]
[WhiteTeam "Nigeria"]
[BlackTeam "Zambia"]
[WhiteTeamCountry "NGR"]
[BlackTeamCountry "ZAM"]

1. e4 e5 2. Nf3 Nc6 3. Bb5 a6 4. Ba4 Nf6 5. O-O b5 6. Bb3 Be7 7. d4 d6 8. dxe5 Nxe5 9. Nxe5 dxe5 10. Qxd8+ Bxd8 11. a4 Rb8 ({RR} 11... Bb7 12. axb5 axb5 13. Rxa8 Bxa8 14. Nc3 O-O 15. Nxb5 Nxe4 16. Be3 Bc6 17. Na7 Bb7 18. Ra1 Be7 19. Nb5 c6 20. Na3 Ra8 21. Rd1 Rd8 22. Rxd8+ Bxd8 23. Nc4 Bc7 24. f3 Nf6 25. Bc5 Ba6 26. Nd6 {1-0 Hovhannisyan,R (2621)-Repka,C (2494) Bayern-chI Bank Hofmann 22nd 2018 (4)}) 12. axb5 axb5 13. Be3 c6 $146 ({RR} 13... Be7 14. f3 Bd6 15. Nc3 Ke7 16. Ra7 Be6 17. Bxe6 Kxe6 18. Rfa1 b4 19. Na4 Nd7 20. Kf2 g6 21. Ke2 f5 22. Ra6 Kf7 23. b3 Nf6 24. Nc5 Bxc5 25. Bxc5 fxe4 26. fxe4 Nxe4 27. Rc6 Rb7 28. Ra7 {½-½ Haba,P (2442)-Gusain,H (2419) 10th Arber Open 2023 (4.2)}) ({RR} 13... O-O 14. Rd1 Be7 15. Nc3 c6 16. f3 Be6 17. Ra7 Rfe8 18. Kf2 Kf8 19. Rda1 Bxb3 20. cxb3 Rec8 21. Ne2 Ke8 22. Rc1 c5 23. Ng3 g6 24. Ke2 c4 25. bxc4 Rxc4 26. Rc7 Bd6 27. R7xc4 bxc4 28. Rc2 {½-½ Hamdouchi,H (2576)-Manik,M (2420) Calvia op 4th 2007 (9)}) 14. Ra7 Bb7 15. Nc3 Nd7 16. Rd1 Rf8 17. Nxb5 cxb5 18. Bd5 Bb6 19. Rxb7 Rxb7 20. Bxb7 Bxe3 21. Bc6 Bd4 22. c3 Ke7 23. cxd4 exd4 24. Rxd4 Nc5 25. b4 Ne6 26. Rd7+ Kf6 27. Rb7 Rc8 28. Rb6 Ke5 29. g3 Nd4 30. Bd5 g5 31. Bxf7 Rc1+ 32. Kg2 Rb1 33. Rb8 Kxe4 34. Bg8 Rxb4 35. Bxh7+ Ke5 36. Rg8 Ne6 37. Rg6 g4 38. Bg8 Nc5 39. h4 gxh3+ 40. Kxh3 Nd3 41. Re6+ Kf5 42. Re2 Kg6 43. Bd5 Kf6 44. f3 Rb2 45. Re6+ Kg5 46. f4+ Nxf4+ 47. gxf4+ Kxf4 48. Re4+ Kf5 49. Re3 Rd2 50. Bc6 b4 51. Kg3 Rd6 52. Bb5 Kf6 53. Ba4 Re6 54. Rd3 Re4 55. Kf3 Ke5 56. Bb3 Rd4 57. Re3+ Kd6 58. Ke2 Rg4 59. Kd3 Rh4 60. Re6+ Kc5 61. Re5+ Kb6 62. Bc4 Rh1 63. Rb5+ Kc6 64. Rxb4 Rd1+ 65. Kc2 Kc5 66. Ra4 Rg1 67. Bd3 Rh1 68. Kc3 Rc1+ 69. Bc2 Kb5 70. Rh4 Kc5 71. Rh5+ Kd6 72. Kd3 Kc6 73. Bb3 Rg1 74. Bc4 Rd1+ 75. Kc3 Rc1+ 76. Kd4 Rd1+ 77. Bd3 Kd6 78. Rh6+ Ke7 79. Ke4 Kf7 80. Bc4+ Kg7 81. Ra6 Rc1 82. Bd5 Rf1 83. Ke5 Rf2 84. Be4 Rf1 85. Bf5 Re1+ 86. Kf4 Kf7 87. Be4 Ke7 88. Ke5 Kd7 89. Ra7+ Kc8 90. Kd5 Rd1+ 91. Kc5 Kd8 92. Bd5 Ke8 93. Kd6 Kf8 94. Rf7+ Ke8 95. Rg7 Rf1 96. Rg3 Rf2 97. Rg1 Rf4 98. Be6 Rf2 99. Bc4 Rf4 100. Rg8+ Rf8 101. Rg7 Rf4 102. Be6 Rf2 103. Ra7 Kf8 104. Ra8+ Kg7 105. Rg8+ Kh6 106. Ke5 Kh5 107. Bc4 Kh4 108. Bd3 Rf3 109. Be2 Rf2 110. Bd3 Rf3 111. Be4 Rf1 112. Kd4 Re1 113. Bf3 Re7 114. Be4 Rd7+ 115. Ke5 Ra7 116. Kf4 Rf7+ 117. Bf5 1/2-1/2

[Event "45th Olympiad 2024"]
[Site "Budapest HUN"]
[Date "2024.09.18"]
[Round "7.52"]
[Board "2"]
[White "Kayonde, Andrew"]
[Black "OSUNFUYI, Abimbola"]
[Result "0-1"]
[WhiteElo "2338"]
[BlackElo "2164"]
[PlyCount "70"]
[EventDate "2024.09.11"]
[WhiteTeam "Zambia"]
[BlackTeam "Nigeria"]
[WhiteTeamCountry "ZAM"]
[BlackTeamCountry "NGR"]

1. d4 d5 2. Nf3 Nf6 3. e3 e6 4. Nbd2 Nbd7 5. Bd3 Bd6 6. O-O O-O 7. Re1 e5 8. e4 Re8 9. exd5 exd4 10. Ne4 Bb4 11. Nxf6+ Nxf6 12. Rxe8+ Qxe8 13. Bc4 $146 ({RR} 13. Nxd4 Qe5 14. c3 Bd6 15. Nf3 Qxd5 16. Bg5 Ne4 17. c4 Qe6 18. Qc2 Nxg5 19. Nxg5 Bxh2+ 20. Kf1 Qh6 21. Re1 Bg4 22. Bxh7+ Kf8 23. Bf5 Qxg5 24. Bxg4 Qxg4 25. Qh7 Qxc4+ 26. Re2 Qc1+ 27. Re1 Qc4+ {0-1 Minneken,S (1322)-Sokolowski,J (1794) GER-ch U18 Girls 2020 (5)}) 13... b5 14. Bf1 Bb7 15. Nxd4 a6 16. a4 bxa4 17. c4 Bc5 18. Be3 Bc8 19. Qxa4 Bd7 20. Qa5 Bb6 21. Qc3 Ng4 22. c5 Qe5 23. g3 Nxe3 24. fxe3 Bxc5 25. Qxc5 Qxe3+ 26. Kh1 Bf5 27. Qc3 Be4+ 28. Bg2 Bxg2+ 29. Kxg2 Qe4+ 30. Nf3 Qxd5 31. Qxc7 h6 32. Re1 Qb5 33. Qe5 Qb7 34. Re3 Rc8 35. Rc3 Qxb2+ 0-1

[Event "45th Olympiad 2024"]
[Site "Budapest HUN"]
[Date "2024.09.18"]
[Round "7.52"]
[Board "3"]
[White "Ofowino, Toritsemuwa"]
[Black "Kaoma, Micheal"]
[Result "0-1"]
[WhiteElo "2020"]
[BlackElo "2161"]
[PlyCount "128"]
[EventDate "2024.09.11"]
[WhiteTeam "Nigeria"]
[BlackTeam "Zambia"]
[WhiteTeamCountry "NGR"]
[BlackTeamCountry "ZAM"]

1. d4 d5 2. Nf3 Nf6 3. c3 g6 4. h3 Bg7 5. Bf4 O-O 6. e3 c5 7. Be2 Nbd7 8. O-O b6 9. Nbd2 Bb7 10. Ne5 a6 ({RR} 10... e6 11. Re1 Qe7 12. Qa4 a6 13. Rad1 b5 14. Qc2 Rac8 15. Nxd7 Nxd7 16. Qd3 c4 17. Qc2 b4 18. e4 bxc3 19. bxc3 Qa3 20. Bf3 Bc6 21. Rb1 Nf6 22. Bg5 Nxe4 23. Nxe4 dxe4 24. Bxe4 Bxe4 25. Rxe4 {1-0 Spata,G (2399)-Sericano,C (2260) Titled Tue 10th Sep Early 2024 (8)}) 11. a4 Ne8 $146 ({RR} 11... Rc8 12. Ndf3 e6 13. Qb3 Nxe5 14. Nxe5 Ne4 15. Rfd1 c4 16. Qc2 f6 17. Nf3 Qe7 18. Nd2 e5 19. Bh2 Nd6 20. Re1 Bh6 21. b3 exd4 22. exd4 cxb3 23. Nxb3 Ne4 24. Bd3 Qf7 25. Bxe4 dxe4 26. a5 {1-0 Lu,M (1829)-Bennett,D (2098) Edward Lasker Memorial 99th 2015 (2)}) ({RR} 11... Ne4 12. Nxd7 Qxd7 13. Nxe4 dxe4 14. dxc5 Qxd1 15. Rfxd1 e5 16. Bg3 bxc5 17. Rd7 Bc6 18. Rc7 Rfc8 19. Rxc8+ Rxc8 20. Bxa6 Ra8 21. Bc4 Rxa4 22. Rxa4 Bxa4 23. b4 cxb4 24. cxb4 Bf8 25. b5 Bd6 26. Bh4 {1-0 Quiroz,C-Pacheco,G PER-ch Regional Centro 2002 (9)}) ({RR} 11... Nxe5) 12. Nxd7 Qxd7 13. Qb3 Qc6 14. Nf3 c4 15. Qc2 Nd6 16. b3 b5 17. bxc4 bxc4 18. Nd2 f6 19. Rfb1 e5 20. Bh2 Bc8 21. Bg4 f5 22. Be2 f4 23. Qb2 Bf5 24. Re1 Rab8 25. Qc1 fxe3 26. fxe3 Ne4 27. dxe5 Qc5 28. Bf3 Ng5 29. Bd1 Rbe8 30. h4 Nf7 31. Nf3 Nxe5 32. Bxe5 Bxe5 33. Nxe5 Rxe5 34. Bf3 Be4 35. Bxe4 Rxe4 36. Qd2 Rxh4 37. Rf1 Re8 38. Rf3 Rhe4 39. Kf2 g5 40. Rf5 Rf8 41. Rxf8+ Qxf8+ 42. Kg1 Qc5 43. Rd1 Re5 44. Qd4 Qxd4 45. Rxd4 Kf7 46. Kf2 Ke6 47. Rd1 Rf5+ 48. Ke2 g4 49. Rb1 g3 50. Rb6+ Ke5 51. Rxa6 Rf2+ 52. Ke1 Rxg2 53. Ra7 h5 54. Re7+ Kf5 55. Rd7 Ke4 56. Kf1 Rf2+ 57. Kg1 Rd2 58. Rh7 Kf3 59. Rf7+ Kxe3 60. a5 Ra2 61. a6 Rxa6 62. Kg2 h4 63. Kh3 Rg6 64. Rf3+ Kxf3 0-1

[Event "45th Olympiad 2024"]
[Site "Budapest HUN"]
[Date "2024.09.18"]
[Round "7.52"]
[Board "4"]
[White "Hapaku, Charles"]
[Black "Quickpen, Deborah Ebimobo-Ere"]
[Result "1-0"]
[WhiteElo "2102"]
[BlackElo "1918"]
[PlyCount "87"]
[EventDate "2024.09.11"]
[WhiteTeam "Zambia"]
[BlackTeam "Nigeria"]
[WhiteTeamCountry "ZAM"]
[BlackTeamCountry "NGR"]

1. c4 Nf6 2. Nc3 e5 3. Nf3 Nc6 4. e4 Bc5 5. Nxe5 Nxe5 6. d4 Bb4 7. dxe5 Nxe4 8. Qf3 Nxc3 9. bxc3 Ba5 10. Ba3 ({RR} 10. Bf4 O-O 11. O-O-O Qe7 12. Kb2 Rb8 13. Bd3 b5 14. cxb5 Bb7 15. Qh3 g6 16. Qe3 Rfe8 17. Rhe1 Bc6 18. a4 a6 19. Bg5 Bxc3+ 20. Kxc3 Qa3+ 21. Kd2 Qb4+ 22. Ke2 Qg4+ 23. Kd2 Qb4+ 24. Ke2 Qg4+ {½-½ Carlsen,M (2876)-Caruana,F (2812) FIDE Chess.com Grand Swiss 2019 (9)}) 10... Qg5 ({RR} 10... d6 11. exd6 O-O 12. O-O-O Be6 13. Be2 cxd6 14. Bxd6 Re8 15. Qg3 Qf6 16. Be5 Qh6+ 17. Kb2 Bf5 18. Bd3 Qb6+ 19. Ka1 Bg6 20. h4 Rad8 21. h5 f6 22. hxg6 Rxe5 23. Bc2 Rxd1+ 24. Rxd1 hxg6 25. Bb3 {1-0 Kuru,A (2312)-Zuferi,E (2407) 2nd Munich Festival Open 2024 (6.8)}) 11. h4 Qxe5+ $146 ({RR} 11... Qg6 12. O-O-O Qc6 13. Rd5 b6 14. Bd3 Bb7 15. Kb2 O-O-O 16. Rd1 Qa4 17. Bc2 Qxc4 18. Bb3 Qxh4 19. Qxf7 Bxd5 20. Rxd5 Qe4 21. Be7 Qe2+ 22. Ka3 Bxc3 23. Bxd8 Rxd8 24. Qf4 c6 25. Qc1 Qa6+ 26. Ba4 {0-1 Poysti,N (2190)-Marinakis,H (2129) Chania Theodorakis Memorial 1st 2022 (4)}) ({RR} 11... Qh6 12. Rd1 d6 13. exd6 O-O 14. Rd5 Re8+ 15. Kd1 Bb6 16. d7 Bxd7 17. Rxd7 Qe6 18. Rd2 Qe1+ 19. Kc2 Rad8 20. Qd1 Rxd2+ 21. Qxd2 Bxf2 22. Qxe1 Rxe1 23. h5 f5 24. Bc1 Bg3 25. Bd2 Ra1 26. Bc1 {1-0 Poysti,N (2142)-Senatov,B (1822) Heusenstamm Schloss Open 2023 (1.43)}) 12. Kd2 Qd4+ 13. Kc2 Qe5 14. Rd1 d6 15. Rd5 Bf5+ 16. Kb3 Qe1 17. Qe2+ Qxe2 18. Bxe2 Be6 19. Rxa5 c5 20. Rb5 b6 21. Kc2 Kd7 22. Rbb1 Rhe8 23. Rhe1 Re7 24. Rbd1 Rae8 25. Bd3 Kc7 26. Bc1 d5 27. cxd5 Bxd5 28. Rxe7+ Rxe7 29. c4 Bc6 30. Kc3 g6 31. Bg5 Rd7 32. f3 h5 33. Re1 a6 34. a3 b5 35. cxb5 axb5 36. Rb1 c4 37. Bf4+ Kd8 38. Bc2 Ra7 39. Rd1+ Ke7 40. Bd6+ Ke6 41. Bc5 Ra8 42. Rd6+ Ke5 43. Rxc6 Kd5 44. Be4+ 1-0

[Event "45th Olympiad 2024"]
[Site "Budapest HUN"]
[Date "2024.09.18"]
[Round "7.53"]
[Board "1"]
[White "Mafaaz Khalid"]
[Black "Efimov, Igor"]
[Result "0-1"]
[WhiteElo "2069"]
[BlackElo "2338"]
[PlyCount "104"]
[EventDate "2024.09.11"]
[WhiteTeam "Pakistan"]
[BlackTeam "Monaco"]
[WhiteTeamCountry "PAK"]
[BlackTeamCountry "MNC"]

1. d4 {Erenburg,Sergey} d6 2. e4 Nf6 3. Nc3 c6 4. Nf3 Bg4 5. Be3 Qa5 ({RR} 5... e6 6. Qd2 Nbd7 ({RR} 6... d5 7. Ne5 dxe4 ({RR} 7... Bh5) 8. h3 Bf5 9. g4 Bg6 10. h4 h6 11. Nxg6 fxg6 12. g5 hxg5 13. Bxg5) 7. O-O-O d5 8. e5 Ng8 ({RR} 8... Ne4 9. Nxe4 dxe4 10. h3 Bxf3 11. gxf3 exf3 12. Bd3) 9. Be2 Nb6 10. Bg5 Qc7 11. Qf4 Bh5 ({RR} 11... Bxf3 12. Qxf3) ({RR} 11... Bf5 12. g4) 12. g4 Bg6 13. Qe3 h6 14. Bf4 Ne7 15. Nd2 a5 ({RR} 15... O-O-O 16. Bg3 h5 17. h3 Kb8 18. f4) 16. Bg3 a4 17. a3 Nd7 ({RR} 17... O-O-O) 18. f4 Qa5 19. Rdf1 b5 20. Na2 {1-0 Korobov,A (2513)-Fridman,D (2621) EU-ch 4th Istanbul 2003 (1)} {RR} O-O-O) 6. h3 ({RR} 6. Qd2 e5 7. h3 Bxf3 8. gxf3 Nbd7 9. f4 O-O-O 10. O-O-O Be7 11. Kb1 Rhe8 12. Bc4 d5 13. exd5 cxd5 14. Nxd5 Qxd2 15. Rxd2 Ne4 16. Re2 Nd6 17. Bb3 e4 18. c4 Bf8 19. c5 Nf5 20. Nc3 Re7 {½-½ Rosicki,M (2009)-Smagalski,J (1850) POL-chT 2nd League 2021 (6.3)}) 6... Bh5 7. Qd2 Bxf3 $146 ({RR} 7... b5 8. Ne2 Qxd2+ 9. Nxd2 e5 10. f3 Nfd7 11. a4 b4 12. dxe5 dxe5 13. Ng3 Bg6 14. Nc4 f6 15. O-O-O Bc5 16. Nd6+ Bxd6 17. Rxd6 Ke7 18. Rd2 a5 19. Bc4 Na6 20. Bxa6 Rxa6 21. Rhd1 Rd8 22. Bc5+ {1-0 Luther,T (2534)-Cieza Vega,A (2294) Boeblingen op 24th 2007 (6)}) 8. gxf3 Nbd7 9. f4 e6 10. Bg2 Nb6 11. Ne2 Qxd2+ 12. Bxd2 d5 13. e5 Nfd7 14. h4 h5 15. f5 exf5 16. Nf4 Be7 17. e6 fxe6 18. Bf3 Nf8 19. Bxh5+ Kd7 20. Rg1 Bf6 21. c3 Nc4 22. Bc1 Nd6 23. Ke2 Rh7 24. Rh1 Ne4 25. Be3 c5 26. Rag1 cxd4 27. cxd4 Rc8 28. f3 Nd6 29. Kd3 Nc4 30. Bc1 Nd6 31. Be3 Rc6 32. b3 b5 33. a3 Rh6 34. Ng6 Rxh5 35. Nxf8+ Ke7 36. Ng6+ Kf7 37. Bf4 Ne4 38. fxe4 fxe4+ 39. Kd2 Bxd4 40. Rg5 Rxg5 41. Nh8+ Kg8 42. hxg5 e5 43. Be3 g6 44. Rh6 Kg7 45. Ke2 Bxe3 46. Kxe3 a5 47. a4 b4 48. Ke2 d4 49. Kd2 e3+ 50. Kd3 e4+ 51. Kxd4 e2 52. Rh1 Rd6+ 0-1

[Event "45th Olympiad 2024"]
[Site "Budapest HUN"]
[Date "2024.09.18"]
[Round "7.53"]
[Board "2"]
[White "Levacic, Damir"]
[Black "Amer Karim"]
[Result "1-0"]
[WhiteElo "2097"]
[BlackElo "2081"]
[PlyCount "115"]
[EventDate "2024.09.11"]
[WhiteTeam "Monaco"]
[BlackTeam "Pakistan"]
[WhiteTeamCountry "MNC"]
[BlackTeamCountry "PAK"]

1. d4 Nf6 2. c4 e6 3. Nc3 Bb4 4. e3 c5 5. a3 Bxc3+ 6. bxc3 O-O 7. Bd3 d5 8. cxd5 exd5 9. Ne2 Nc6 10. O-O Re8 11. f3 Qc7 12. Qe1 ({RR} 12. g4 h6 13. Ra2 Na5 14. Ng3 cxd4 15. cxd4 Nc4 16. Re2 b5 17. Qe1 a5 18. h4 Ra6 19. g5 Bh3 20. gxf6 Bxf1 21. Kxf1 Rxf6 22. Kg2 Rc6 23. f4 Qe7 24. Nf5 Qf6 25. Kh2 Re4 26. Bxe4 dxe4 {0-1 Salem,A (2677)-Kramnik,V (2753) Airthings Masters Play-In 2023 (4)}) ({RR} 12. Ng3 h5 13. Ra2 g6 14. Re2 Bd7 15. Nh1 Re7 16. Nf2 Rae8 17. Rfe1 b5 18. Bxb5 Nxd4 19. exd4 Bxb5 20. Rxe7 Rxe7 21. Rxe7 Qxe7 22. Bg5 cxd4 23. cxd4 Kg7 24. Qc1 Qe2 25. h4 Nd7 26. Bh6+ Kh7 {1-0 Johansson,L (2448)-Uritsky,Y (2185) Norway Chess Open GM 2024 (3.9)}) 12... Bd7 $146 ({RR} 12... Na5 13. Rb1 cxd4 14. cxd4 Nc4 15. Qc3 b6 16. Bxc4 dxc4 17. e4 Ba6 18. Bf4 Qb7 19. Ng3 g6 20. h4 Nd7 21. h5 f6 22. Kf2 Kf7 23. Rh1 Rh8 24. Qb4 Qc6 25. Ne2 b5 26. Nc3 Nb6 27. Nxb5 {1-0 Csizmadia,L (2337)-Torok,S (2271) HUN-chT2 Maroczy 1415 2014 (3)}) ({RR} 12... c4 13. Bc2 Na5 14. Rb1 Bd7 15. Qf2 Nb3 16. Bxb3 cxb3 17. Rxb3 a6 18. h3 Rac8 19. e4 Bb5 20. Rxb5 axb5 21. Bf4 Qa5 22. Bg5 Nd7 23. e5 Qxa3 24. Rb1 Qa2 25. Rxb5 f6 26. Rxb7 Nxe5 27. Bxf6 {1-0 Gonzalez,F (2021)-Guzman,C (2250) Titled Tue 7th Mar Early 2023 (3)}) 13. Qh4 Ne7 14. e4 Ng6 15. Qg3 Qxg3 16. Nxg3 cxd4 17. cxd4 dxe4 18. fxe4 Bc6 19. d5 Ba4 20. Rb1 Ne5 21. Be2 b6 22. Rb4 Bc2 23. Bg5 Nfd7 24. Rd4 f6 25. Be3 Rac8 26. Nf5 Nf7 27. Bb5 Rcd8 28. d6 Rxe4 29. Rc1 Re5 30. Bxd7 Rxd7 31. Ne7+ Kf8 32. Bf4 Rc5 33. Rd2 Bb3 34. Rxc5 bxc5 35. Nc6 g5 36. Be3 c4 37. Bd4 Kg7 38. Bc3 Rxd6 39. Nxa7 Ba4 40. Nc8 Re6 41. Rd4 Bb3 42. Bb4 Ne5 43. Bc3 Ra6 44. h4 gxh4 45. Rxh4 Rxa3 46. Nd6 Ra4 47. Rf4 Kg6 48. Ne4 Ra6 49. Nxf6 Nd3 50. Rf1 Nc5 51. Ng4 Ne4 52. Ne5+ Kg5 53. Nf7+ Kh5 54. Bd4 c3 55. g4+ Kh4 56. Ne5 c2 57. Kg2 Kg5 58. Be3+ 1-0

[Event "45th Olympiad 2024"]
[Site "Budapest HUN"]
[Date "2024.09.18"]
[Round "7.53"]
[Board "3"]
[White "Momin Fayzan"]
[Black "Meylan, Andre"]
[Result "1-0"]
[WhiteElo "2064"]
[BlackElo "2165"]
[PlyCount "75"]
[EventDate "2024.09.11"]
[WhiteTeam "Pakistan"]
[BlackTeam "Monaco"]
[WhiteTeamCountry "PAK"]
[BlackTeamCountry "MNC"]

1. a3 Nf6 2. Nf3 e6 3. c4 b6 4. Nc3 Bb7 5. g3 Be7 6. Bg2 O-O 7. O-O c5 8. b3 d5 9. cxd5 Nxd5 10. Bb2 Nd7 $146 ({RR} 10... Nc6 11. Nxd5 Qxd5 12. Ne5 Qd6 13. Qc2 Nd4 14. Bxd4 Bxg2 15. Kxg2 Qxd4 16. Nf3 {½-½ Schlindwein,R (2225)-Gscheidlen,W Oberliga Baden 9192 1991 (6.5)}) 11. Nxd5 Bxd5 12. d3 Bf6 13. Qc2 Rc8 14. Rfc1 h6 15. Bxf6 Nxf6 16. Qb2 Qe7 17. Rc2 a5 18. Rac1 Rcd8 19. Ne5 Bxg2 20. Kxg2 Qb7+ 21. Kg1 Rc8 22. d4 cxd4 23. Nc6 Rc7 24. Qxd4 Rd7 25. Qb2 Rd5 26. b4 Qd7 27. b5 Kh8 28. a4 Rd1+ 29. Rxd1 Qxd1+ 30. Kg2 Qd5+ 31. f3 Qd1 32. e4 Rc8 33. Rd2 Qe1 34. Qc3 Kh7 35. Qd3 e5 36. Rd1 Rd8 37. Nxd8 Qb4 38. Qc2 1-0

[Event "45th Olympiad 2024"]
[Site "Budapest HUN"]
[Date "2024.09.18"]
[Round "7.53"]
[Board "4"]
[White "Van Hoolandt, Patrick"]
[Black "Mudasir, Iqbal"]
[Result "1-0"]
[WhiteElo "2036"]
[BlackElo "2055"]
[PlyCount "43"]
[EventDate "2024.09.11"]
[WhiteTeam "Monaco"]
[BlackTeam "Pakistan"]
[WhiteTeamCountry "MNC"]
[BlackTeamCountry "PAK"]

1. d4 d5 2. c4 c6 3. Nf3 Nf6 4. cxd5 cxd5 5. Nc3 Nc6 6. Bf4 Qa5 7. e3 Ne4 8. Qb3 e6 9. Bd3 f5 10. O-O a6 $146 ({RR} 10... Be7 11. Rfd1 O-O 12. Rac1 Qd8 13. h3 Bd6 14. Ne5 Nxe5 15. dxe5 Nc5 16. Qc2 Nxd3 17. Rxd3 Bb8 18. Qb3 Kh8 19. Nb5 Bd7 20. Rdc3 a6 21. Nd4 Ra7 22. Qa3 Re8 23. Bg3 a5 24. Qb3 a4 25. Qa3 {½-½ Gallasch,J (1956)-Rieper,J (2094) GER-ch U25-A 2018 (3)}) 11. Rfc1 Bb4 12. a3 Bxc3 13. bxc3 O-O 14. c4 Kh8 15. cxd5 exd5 16. Ne5 Nxe5 17. Bxe5 Qd8 18. Rc7 Nf6 19. Rac1 b5 20. Qc2 g6 21. Qc6 Kg8 22. Qxa8 1-0

[Event "45th Olympiad 2024"]
[Site "Budapest HUN"]
[Date "2024.09.18"]
[Round "7.54"]
[Board "1"]
[White "Kao, Jamison Edrich"]
[Black "Susilodinata, Andrean"]
[Result "1/2-1/2"]
[WhiteElo "2125"]
[BlackElo "2393"]
[PlyCount "130"]
[EventDate "2024.09.11"]
[WhiteTeam "Hong Kong, China"]
[BlackTeam "Indonesia"]
[BlackTeamCountry "INA"]

1. e4 c6 2. d4 d5 3. e5 Bf5 4. h4 h5 5. Bd3 Bxd3 6. Qxd3 Qa5+ 7. Nd2 e6 8. Ne2 Nh6 9. O-O Qa6 10. c4 Nf5 11. Rb1 Bb4 12. b3 Nxh4 13. a3 Be7 14. Nf3 $146 ({RR} 14. b4 Nd7 15. Nc3 g6 16. b5 Qa5 17. bxc6 bxc6 18. cxd5 cxd5 19. Rb7 Rb8 20. Nb3 Qd8 21. Qb5 Rxb7 22. Qxb7 Qb8 23. Qc6 Qxb3 24. Nb5 O-O 25. Qxd7 Nf5 26. Nd6 Bxd6 27. exd6 Qb6 28. Bg5 Qxd6 {½-½ Maurizzi,M (2595)-Manon,R (2417) 45th Olympiad 2024 (4.16)}) 14... Nf5 15. Ng3 g6 16. Nxf5 gxf5 17. Bg5 Bxg5 18. Nxg5 Qxa3 19. cxd5 Qe7 20. dxc6 Nxc6 21. Nf3 Rd8 22. Rfc1 a5 23. Rc4 Rg8 24. Rd1 Rg4 25. Qe3 Rd5 26. Qh6 h4 27. Rdc1 Qf8 28. Qh7 Qg7 29. Qxg7 Rxg7 30. Rc5 Rxc5 31. Rxc5 Rg4 32. d5 exd5 33. Rxd5 Rb4 34. Rd3 b5 35. Rd6 Nb8 36. Rb6 Nd7 37. Ra6 a4 38. bxa4 Rxa4 39. Rh6 Re4 40. Rxh4 Rxh4 41. Nxh4 f4 42. Nf3 b4 43. Kf1 Ke7 44. Ke2 Ke6 45. Ng5+ Kxe5 46. Nxf7+ Kd4 47. Kd2 Nc5 48. Kc2 b3+ 49. Kb2 Kd3 50. Ne5+ Kd4 51. Nf3+ Kc4 52. Ne5+ Kb4 53. Nc6+ Ka4 54. Ne5 Ne4 55. Nd3 f3 56. gxf3 Nd2 57. f4 Kb5 58. Kc3 b2 59. Kxb2 Kc4 60. Kc2 Ne4 61. f5 Kd5 62. f4 Ng3 63. Nb4+ Kd6 64. f6 Ke6 65. Nd5 Ne4 1/2-1/2